000
00251nam a22001097a 4500
082
_a
621.3815287 POW'M
100
_a
MULLARD
_9
79533
245
_a
POWER ENGINEERING USING THYRISTORS
260
_a
LONDON
_b
MULLARD
_c
1970
300
_a
228P
942
_c
BK
999
_c
584564
_d
584564